000
00313nam a2200133Ia 4500
008
240624s9999 xx 000 0 und d
041
_a
eng
082
_a
920 ADV
100
_a
ADVANI L K
245
_a
MY COUNTRY MY LIFE
260
_c
2008
_a
New Delhi
_b
Rupa and Company
300
_a
1084 : p.
365
_c
RS
_b
25
999
_c
17615
_d
17615